000 00633nam a2200229Ia 4500
005 20250508170246.0
008 008 250505s9999 xx 000 0 eng d
020 _a978-93-5150-082-7
037 _aPeriodicals
040 _aFEDL
_beng
_cFEDL
041 _aeng
_2eng
084 _a001.422, FIE/R
_qFEDL
100 _aField Andy
245 0 _aDiscovering statistics using IBM SPSS statistics
250 _a4
260 _aNew Delhi, India
_bSage Publications
_c2013
300 _axxxvi, 915p.
365 _aINR
_b12
546 _aReprint, 2023
942 _cCR
_h001.422, FIE/R
999 _c1400065
_d1400065